000 00299nam a22001337a 4500
008 210225b ||||| |||| 00| 0 eng d
041 _aeng
080 _22nd
_a311
082 _a311
100 _a55
101 _aSTA
245 _aBussines Statistics
_cSharpe, De Vaux, Velleman
942 _2udc
_cBK
999 _c55209
_d55209